Datum a čas kvízu

19.5 Celkem bodů Celkový počet nahraných bodů na tomto kvízu bez doplňovacích otázek.
10. Pořadí na kvízu Konečné umístění týmu na tomto kvízu.

Zaznamenané odpovědi

# Otázka Odpověď Body Výsledky
1. Ve středu ve 12 hodin jsme se... zkouška sirén 1
2. Pouze pět států na středečním... Severní Korea (KLDR) 0
3. Kolik sošek Českého lva získal... osm ocenění (sedm či devět za půl bodu) 1
4. Jak se jmenuje muž na fotograf... Tomáš Čupr 0
5. Reprezentace jedné země poslal... Argentina 1
6. Detektiv Sherlock Holmes z per... D 0
7. Belgický spisovatel Georges Si... Jules Maigret [žyl megré] 0
8. J. K. Rowlingová píše detektiv... B) má amputovanou nohu 0
9. Přiřaďte následující spisovate... 1D 2B 3C 4A 0
10. Seriál Devadesátky se setkal s... C) Ivan Pauřík 1